000
00197 a2200097 4500
001
29011
100
_a
Andrews A
245
_a
The Air Marshals
260
_a
_b
Macdonald
_c
090
_c
19383
_d
19383
942
_a
NUST-CAE
_c
M
_c
10428
999
_c
264084
_d
264084